Guess the Taylor Swift Song (Speak Now TV) 15 - Statistics

General Stats
  • This quiz has been taken 9 times
  • The average score is 417 of 528
Answer Stats
Answer % Correct
a
100%
about
100%
all,
100%
an
100%
and
100%
go
100%
(Ha)
100%
ha
100%
had
100%
He
100%
hear
100%
I
100%
I'm
100%
in
100%
In
100%
is
100%
it
100%
like
100%
me
100%
no
100%
(No,
100%
no,
100%
no)
100%
(No)
100%
not
100%
on
100%
On
100%
on,
100%
on)
100%
She
100%
she
100%
She's
100%
she's
100%
the
100%
The
100%
there
100%
There
100%
to
100%
what
100%
when
100%
where
100%
who
100%
you
100%
You
100%
at
86%
at,
86%
came
86%
can
86%
did
86%
did)
86%
do
86%
Do
86%
do,
86%
don't
86%
for
86%
got
86%
have
86%
her
86%
him
86%
him,
86%
isn't
86%
it's
86%
just
86%
know
86%
never
86%
Now
86%
right
86%
say
86%
so
86%
(So
86%
So
86%
summer,
86%
than
86%
took
86%
wanted
86%
was
86%
wear
86%
with
86%
your
86%
actress,
71%
along,
71%
applause
71%
better
71%
better,
71%
coming,
71%
could
71%
faster
71%
flame
71%
from
71%
how
71%
keep
71%
let's
71%
Let's
71%
matches,
71%
mind,
71%
mind
71%
moth
71%
name
71%
nothing
71%
of
71%
(Oh)
71%
oh
71%
(Oh,
71%
oh)
71%
or
71%
Or
71%
over
71%
revenge
71%
(Revenge),
71%
Sabotage
71%
saint
71%
saw
71%
should
71%
stand
71%
starts
71%
that
71%
That
71%
They
71%
thing
71%
things
71%
think
71%
(Think
71%
up
71%
wouldn't
71%
yeah?)
71%
you're
71%
alone,
57%
are
57%
beating
57%
But
57%
but
57%
cause
57%
Cause
57%
corner
57%
dealing
57%
didn't
57%
doin'?
57%
doing?
57%
down
57%
drum
57%
ever
57%
find
57%
friends
57%
gonna
57%
haven't
57%
holding
57%
hot
57%
little
57%
looks
57%
make
57%
many
57%
pain
57%
people
57%
still
57%
story
57%
suspected
57%
time
57%
underestimated
57%
won't
57%
always
43%
(Come
43%
Come
43%
come
43%
eyes
43%
feel
43%
get
43%
heard?
43%
last
43%
life
43%
list
43%
might
43%
other
43%
party
43%
people's
43%
playground
43%
psycho
43%
rhyme
43%
show
43%
some
43%
Soon,
43%
sophistication
43%
stealin'
43%
stealing
43%
thinks
43%
toys
43%
trend
43%
troubling,
43%
wanna
43%
woah
43%
Woah
43%
amount
29%
another
29%
back?
29%
deserve
29%
dignity
29%
dresses
29%
frown
29%
gives
29%
honey
29%
much
29%
prep
29%
present
29%
pushing
29%
roll
29%
school
29%
take
29%
teach
29%
vintage
29%
word
29%
Haha,
14%
No matching quizzes found
Score Distribution
Percent of People with Each Score
Percentile by Number Answered
Your Score History
You have not taken this quiz